Longest Trains of Indian Railways - Statistics

General Stats
  • This quiz has been taken 51 times
    50 since last reset
  • The average score is 47 of 102
Answer Stats
Name Origin and Terminating Stations Distance (in Km) Train No % Correct
Hazrat Nizamuddin
88%
Hazrat Nizamuddin
88%
Hazrat Nizamuddin
88%
Hazrat Nizamuddin
88%
Hazrat Nizamuddin
88%
Hazrat Nizamuddin
88%
Hazrat Nizamuddin
88%
Hazrat Nizamuddin
88%
Hazrat Nizamuddin
88%
New Delhi
86%
Andaman Express Chennai Central 2877 16031⇋16032
83%
Superfast Express Kochuveli 3110 22659⇋22660
74%
Kerala Sampark Kranti Express Kochuveli 3096 12217⇋12218
74%
Express Kochuveli 3292 12483⇋12484
74%
Kochuveli
74%
Kochuveli
74%
Thiruvananthapuram
74%
Express Thiruvananthapuram Central 2857 22653⇋22654
74%
Rajdhani Express Thiruvananthapuram Central 2831 12431⇋12432
74%
Express Thiruvananthapuram Central 2843 22633⇋22634
74%
Kerala Express Thiruvananthapuram Central 3027 12625⇋12626
74%
Swarna Jayanti Express Thiruvananthapuram Central 3002 12643⇋12644
74%
Sir M. Visvesvaraya Terminal
71%
Sir M. Visvesvaraya Terminal
71%
Sir M. Visvesvaraya Terminal
71%
Sir M. Visvesvaraya Terminal
71%
Karnataka Sampark Kranti Express Yesvantpur Junction 2893 22685⇋22686
71%
Vivek Express Dibrugarh 4154 15905⇋15906
67%
Dibrugarh
67%
Avadh Assam Express Dibrugarh 3115 15909⇋15910
67%
Express Dibrugarh 2830 15933⇋15934
67%
Express Ernakulam 2831 22655⇋22656
64%
Ernakulam Junction
64%
Express Ernakulam Junction 2985 16359⇋16360
64%
Duronto Express Ernakulam Junction 2944 12283⇋12284
64%
Mangala Lakshadweep Express Ernakulam Junction 2929 12617⇋12618
64%
Marusagar Express Ernakulam Junction 2860 12977v12978
64%
Express Ernakulam Junction 2803 22643⇋22644
64%
Millennium Express Ernakulam Junction 2797 12645⇋12646
64%
Express Lokmanya Tilak Terminus 3126 15645⇋15646
64%
Lokmanya Tilak Terminus
64%
Jammu Tawi
62%
Guwahati
60%
Kaziranga Express Guwahati 2996 12509⇋12510
60%
Superfast Express Kamakhya Junction 3122 15667⇋15668
60%
AC Superfast Express Kamakhya Junction 3052 12551⇋12552
60%
Karmabhoomi Express Kamakhya Junction 2968 22511⇋22522
60%
Kanniyakumari
48%
Chandigarh Junction
45%
Chandigarh Junction
45%
Patna Junction
45%
Patna Junction
45%
Amritsar
43%
Amritsar Junction
43%
Humsafar Express Agartala 3559 12503⇋12504
40%
Tripura Sundari Express Agartala 2897 14019⇋14020
40%
Shri Mata Vaishno Devi Katra
40%
Shri Mata Vaishno Devi Katra
40%
Shri Mata Vaishno Devi Katra
40%
Madurai Junction
33%
Dwarka Express Okha 3225 15635⇋15636
33%
Okha
33%
Dwarka Express Okha 2770 18401⇋18402
33%
Okha
33%
Himsagar Express Kanniyakumari 3788 16317⇋16318
31%
Thirukural Express Kanniyakumari 2912 12641⇋12642
31%
AC Superfast Express Coimbatore Junction 2941 22475⇋22476
29%
Coimbatore Main
29%
Raptisagar Express Gorakhpur Junction 3236 12511⇋12512
29%
Weekly Express New Tinsukia 3544 22501⇋22502
26%
Express New Tinsukia 3216 15929⇋15930
26%
Express Dehradun 3090 12687⇋12688
24%
Aronai Superfast Express Silchar 3915 12507⇋12508
24%
Superfast Express Silchar 3492 12515⇋12516
24%
Express Rameswaram 3153 16733⇋16734
21%
Shraddha Setu Express Rameswaram 2922 16793⇋16794
21%
Rameswaram
21%
Rameswaram
21%
Navyug Express Tirunelveli 3633 16787⇋16788
19%
Vivek Express Tuticorin 2743 19567⇋19568
19%
Puri
17%
Express Bhagat Ki Kothi 2859 16863⇋16864
14%
Tiruchirappalli Junction
14%
Humsafar Express Tirupati 2999 22705⇋22706
14%
Dhanbad Junction
12%
Firozpur Cantonment
12%
Lalgarh Junction
12%
Raptisagar Express Barauni Junction 3433 12521⇋12522
10%
Deekshabhoomi Express Kolhapur CSMT 2970 11045⇋11046
10%
Express Shri Ganganagar Junction 2831 16311⇋16312
10%
Humsafar Express Shri Ganganagar Junction 3115 22497⇋22498
10%
Humsafar Express Ajmer 2790 19603⇋19604
7%
Ajmer Junction
7%
Express Banaras 2789 15119⇋15120
7%
Tambaram
7%
Tambaram
7%
Yog Nagari Rishikesh
7%
Gandhidham
5%
Nagaon Express Silghat Town 2969 15629⇋15630
5%
Faizabad Junction
2%
Hisar Junction
2%
Mannargudi
2%
No matching quizzes found
Score Distribution
Percent of People with Each Score
Percentile by Number Answered
Your Score History
You have not taken this quiz since the last reset